Normal view
MARC view
Entry Personal Name
001 - CONTROL NUMBER
- control field: 82012
003 - CONTROL NUMBER IDENTIFIER
- control field: OSt
005 - DATE AND TIME OF LATEST TRANSACTION
- control field: 20231105121549.0
008 - FIXED-LENGTH DATA ELEMENTS
- fixed length control field: 231105|| aca||aabn | a|a d
040 ## - CATALOGING SOURCE
- Original cataloging agency: OSt
- Transcribing agency: OSt
100 ## - HEADING--PERSONAL NAME
- Personal name: नितिन सिंघनिया
670 ## - SOURCE DATA FOUND
- Source citation: Work cat.: (OSt)66315: नितिन सिंघनिया , भारतीय अर्थव्यवस्था ( सिविल सेवा एवं अन्य प्रतियोगी परीक्षाओं के लिए ), 2023









